Cities Starting With Each Letter With Exceptions - Extreme - Statistics

General Stats
  • This quiz has been taken 29 times
    26 since last reset
  • The average score is 79 of 259
Answer Stats
Starting with… Population City % Correct
O 19,170,000 Osaka
95%
L 4,016,000 Los Angéles
91%
M 4,967,000 Melbourne
86%
S 27,060,000 Shanghai
86%
S 4,926,000 Sydney
86%
A 5,281,000 Alexandria
82%
B 5,586,000 Barcelona
82%
D 2,878,000 Dubai
82%
G 5,179,000 Guadalajara
82%
G 13,300,000 Guangzhou
82%
H 8,602,000 Ho Chi Minh City
82%
H 7,548,000 Hong Kong
82%
J 5,783,000 Johannesburg
82%
L 14,370,000 Lagos
82%
R 13,460,000 Rio De Janeiro
82%
S 22,040,000 São Paulo
82%
B 6,084,000 Belo Horizonte
77%
K 14,850,000 Kolkata
77%
M 2,730,000 Manchester
77%
T 13,590,000 Tianjin
77%
V 2,581,000 Vancouver
77%
C 3,752,000 Casablanca
73%
H 2,341,000 Houston
73%
K 16,090,000 Karachi
73%
M 3,104,000 Milan
73%
M 4,874,000 Monterrey
73%
N 9,552,000 Nagoya
73%
P 2,042,000 Perth
73%
T 6,197,000 Toronto
73%
X 8,001,000 Xi'an Shanxi
73%
A 8,059,000 Ahmedabad
68%
A 1,607,000 Auckland
68%
B 12,330,000 Bangalore
68%
B 2,406,000 Brisbane
68%
B 3,465,000 Busan
68%
C 10,970,000 Chennai
68%
C 15,870,000 Chongqing
68%
H 10,000,000 Hyderabad
68%
I 15,190,000 Istanbul
68%
L 12,640,000 Lahore
68%
M 20,410,000 Mumbai
68%
N 8,323,000 New York City
68%
W 8,365,000 Wuhan
68%
B 2,607,000 Birmingham
64%
C 9,136,000 Chengdu
64%
D 3,158,000 Durban
64%
F 4,073,000 Fortaleza
64%
H 6,387,000 Haerbin
64%
K 3,999,000 Kano
64%
M 4,000,000 Medellín
64%
P 6,629,000 Pune
64%
Q 5,620,000 Qingdao
64%
U 4,369,000 Urumqi
64%
B 2,334,000 Belem
59%
C 3,679,000 Curitiba
59%
F 3,686,000 Fuzhou Fujian
59%
I 2,993,000 İzmir
59%
J 4,610,000 Jiddah
59%
M 4,221,000 Montréal
59%
P 4,137,000 Porto Alegré
59%
X 3,720,000 Xiamen
59%
A 1,917,000 Aleppo
55%
D 5,618,000 Dalian
55%
F 1,224,000 Fes
55%
G 1,673,000 Glasgow
55%
I 3,552,000 Ibadan
55%
J 3,909,000 Jaipur
55%
P 3,195,000 Puebla
55%
S 7,185,000 Surat
55%
A 5,203,000 Abidjan
50%
B 2,580,000 Bandung
50%
C 5,020,000 Chittagong
50%
E 1,461,000 Edmonton
50%
F 3,462,000 Faisalabad
50%
G 2,994,000 Guayaquil
50%
L 3,677,000 Lucknow
50%
N 8,847,000 Nanjing
50%
P 1,703,000 Phoenix
50%
S 4,327,000 Shantou
50%
S 7,220,000 Shenyang
50%
Y 1,504,000 Yekaterinburg
50%
A 2,210,000 Agra
45%
C 3,301,000 Campina
45%
H 4,242,000 Hefei
45%
J 5,360,000 Ji'nan Shandong
45%
M 3,208,000 Mashhad
45%
R 4,078,000 Recifé
45%
C 4,578,000 Changsha
41%
D 2,199,000 Daegu
41%
E 685,600 El Paso
41%
H 7,642,000 Hangzhou
41%
L 3,081,000 Lanzhou
41%
N 2,187,000 Naples
41%
P 3,020,000 Port Harcourt
41%
R 2,237,000 Rawalpindi
41%
U 1,136,000 Ufa
41%
Z 5,323,000 Zhengzhou
41%
D 3,663,000 Douala
36%
I 2,801,000 Incheon
36%
I 3,017,000 Indore
36%
N 2,893,000 Nagpur
36%
O 1,009,000 Odesa
36%
O 1,182,000 Omsk
36%
R 1,532,000 Rosario
36%
S 3,839,000 Salvador
36%
V 1,665,000 Varanasi
36%
V 1,005,000 Volgograd
36%
Y 5,332,000 Yangon
36%
Z 2,640,000 Zibo
36%
B 2,390,000 Bhopal
32%
E 846,400 Erbil
32%
K 3,124,000 Kanpur
32%
K 4,443,000 Kunming
32%
L 2,478,000 Lubumbashi
32%
N 4,116,000 Ningbo
32%
S 12,360,000 Shenzhen
32%
V 1,910,000 València
32%
W 3,624,000 Wenzhou
32%
Z 1,395,000 Zürich
32%
C 4,426,000 Changchun
27%
D 6,702,000 Dar Es Salaam
27%
G 3,317,000 Guiyang
27%
N 3,860,000 Nanning
27%
O 899,200 Oran
27%
P 2,436,000 Patna
27%
Q 826,100 Quebec City
27%
Q 1,100,000 Quetta
27%
R 1,136,000 Rostov On Don
27%
X 2,146,000 Xuzhou
27%
C 3,625,000 Changzhou
23%
G 2,690,000 Goiania
23%
O 724,700 Okayama
23%
Q 1,288,000 Qom
23%
S 7,070,000 Suzhou
23%
V 2,190,000 Vadodara
23%
V 1,068,000 Voronezh
23%
A 1,896,000 Almaty
18%
D 7,408,000 Dongguan
18%
G 1,704,000 Gazientep
18%
G 2,229,000 Gujranwala
18%
H 2,525,000 Huizhou
18%
J 1,603,000 Jilin
18%
K 3,348,000 Kumasi
18%
M 2,525,000 Mbuji-Mayi
18%
N 3,598,000 Nanchang
18%
V 983,700 Valparaiso
18%
W 3,256,000 Wuxi
18%
H 2,727,000 Handan
14%
I 638,800 Irkutsk
14%
N 2,276,000 Nantong
14%
O 1,415,000 Onitsha
14%
V 2,175,000 Visakhapatnam
14%
A 1,770,000 Adana
9%
D 1,859,000 Daqing
9%
E 3,894,000 Ekurhuleni
9%
F 932,100 Fort Worth
9%
F 7,327,000 Foshan
9%
J 1,687,000 Jiangmen
9%
S 4,114,000 Shijiazhuang
9%
T 3,426,000 Tangshan Hebei
9%
V 2,040,000 Vijayawada
9%
W 2,654,000 Weifang
9%
X 1,658,000 Xiangyang
9%
X 4,398,000 Xinbei
9%
Y 1,993,000 Yangzhou
9%
Y 2,527,000 Yantai
9%
Z 2,914,000 Zhongshan
9%
Z 1,759,000 Zhuhai
9%
Z 1,187,000 Zhuzhou
9%
A 1,629,000 Anshan
5%
A 1,558,000 Aurangabad
5%
B 3,394,000 Bekasi
5%
D 1,825,000 Davao City
5%
D 2,727,000 Depok
5%
E 582,200 Essen
5%
F 1,285,000 Fushun Liaoning
5%
G 1,538,000 Gaoxiong
5%
H 2,655,000 Huai'an
5%
I 949,900 Ilorin
5%
I 651,300 Izhevsk
5%
J 1,599,000 Jamshedpur
5%
J 1,494,000 Jining Shandong
5%
K 3,082,000 Kochi
5%
K 1,852,000 Kollam
5%
K 3,555,000 Kozhikode
5%
L 1,937,000 Linyi Shandong
5%
L 2,165,000 Liuzhou
5%
L 1,857,000 Ludhiana
5%
L 2,387,000 Luoyang
5%
M 3,391,000 Malappuram
5%
P 1,723,000 Palembang
5%
P 1,907,000 Putian
5%
Q 1,535,000 Qinhuangdao
5%
Q 1,694,000 Quanzhou
5%
Q 1,339,000 Querétaro
5%
Q 757,700 Quzhou
5%
R 1,642,000 Raipur
5%
R 1,878,000 Rajkot
5%
T 3,891,000 Taiyuan Shanxi
5%
T 2,339,000 Tangerang
5%
T 2,585,000 Thiruvananthapuram
5%
T 3,068,000 Thrissur
5%
U 910,330 Ulsan
5%
U 544,400 Utrecht
5%
V 918,500 Veracruz
5%
X 1,081,000 Xinxiang
5%
Y 1,548,000 Yichang
5%
Y 1,579,000 Yinchuan
5%
Z 1,435,000 Zhangjiakou
5%
E 586,700 Enshi
0%
E 772,900 Enugu
0%
E 783,700 Eşkisehir
0%
E 668,400 Ezhou
0%
F 1,239,000 Florianópolis
0%
F 1,036,000 Fuyang
0%
F 989,900 Fuzhou Jiangxi
0%
G 2,076,000 Grande Vitória
0%
I 648,900 Ibb
0%
I 575,600 Imphal
0%
J 1,450,000 Jabalpur
0%
J 1,472,000 Jodhupur
0%
K 2,167,000 Kannur
0%
N 2,066,000 Nashik
0%
O 704,600 Oaxaca De Juarez
0%
O 793,000 Orumiyeh
0%
O 713,700 Oshogbo
0%
O 872,600 Owerri
0%
P 2,203,000 Peshwar
0%
Q 1,560,000 Qiqihaer
0%
Q 942,300 Qujing
0%
R 1,439,000 Ranchi
0%
R 1,271,000 Rizhao
0%
R 1,169,000 Rui'an
0%
T 2,245,000 Taoyuan
0%
T 4,182,000 Tel Aviv-Yafo
0%
T 2,467,000 Toluca De Lerdo
0%
U 686,900 Uberlândia
0%
U 569,200 Udaipur
0%
U 570,100 Udon Thani
0%
U 773,800 Umuahia
0%
U 522,210 Utsunomiya
0%
U 1,134,000 Uyo
0%
W 959,700 Warangal
0%
W 855,940 Warri
0%
W 1,304,000 Weihai
0%
W 1,037,000 Wenling
0%
W 1,889,000 West Yorkshire
0%
W 1,870,000 Wuhu Anhui
0%
X 1,143,000 Xiangtan Hunan
0%
X 1,539,000 Xining
0%
X 969,500 Xiong'an
0%
X 968,100 Xuchang
0%
Y 1,864,000 Yancheng
0%
Y 1,221,000 Yingkou
0%
Y 1,334,000 Yiwu
0%
Y 1,083,300 Yong'in-si
0%
Z 1,287,000 Zhanjiang
0%
Z 174,000 Zhenyang Jiangsu
0%
Z 1,281,000 Zunyi
0%
No matching quizzes found
Score Distribution
Percent of People with Each Score
Percentile by Number Answered
Your Score History
You have not taken this quiz since the last reset